Moses and monotheism. Tr. from the German by Katherine Jones (Record no. 640394)

MARC details
000 -LEADER
fixed length control field 00647nam a2200205Ia 4500
003 - CONTROL NUMBER IDENTIFIER
control field OSt
005 - DATE AND TIME OF LATEST TRANSACTION
control field 20250403154216.0
008 - FIXED-LENGTH DATA ELEMENTS--GENERAL INFORMATION
fixed length control field 220923b |||||||| |||| 00| 0 eng d
020 ## - INTERNATIONAL STANDARD BOOK NUMBER
International Standard Book Number 9780394700144
037 ## - SOURCE OF ACQUISITION
Terms of availability General Book
040 ## - CATALOGING SOURCE
Original cataloging agency RTL
Transcribing agency RTL
Language of cataloging eng
041 ## - LANGUAGE CODE
Source of code eng
Language code of text/sound track or separate title eng
100 ## - MAIN ENTRY--PERSONAL NAME
Personal name Freud, Sigmund
9 (RLIN) 42725
245 #0 - TITLE STATEMENT
Title Moses and monotheism. Tr. from the German by Katherine Jones
260 ## - PUBLICATION, DISTRIBUTION, ETC.
Place of publication, distribution, etc. New York
Name of publisher, distributor, etc. Vintage Books
Date of publication, distribution, etc. 1939
300 ## - PHYSICAL DESCRIPTION
Extent viii, 178
Dimensions cm.
500 ## - GENERAL NOTE
General note Glossary: P 177-78; Scanned
942 ## - ADDED ENTRY ELEMENTS (KOHA)
Classification part SxM56, G9/NTI
Koha item type General Books
Source of classification or shelving scheme Colon Classification (CC)
Suppress in OPAC No
Holdings
Withdrawn status Lost status Source of classification or shelving scheme Damaged status Not for loan Home library Current library Date acquired Source of acquisition Cost, normal purchase price Total Checkouts Full call number Barcode Date last seen Cost, replacement price Price effective from Koha item type
    Colon Classification (CC)     Ratan Tata Library Ratan Tata Library 2022-09-26 4382, 01/07/2011, RAJKIRAN BOOK AGENCY 415.02   SxM56 G9/NTI RT1475575 2022-09-26 415.02 2022-09-26 General Books
Copyright @ Delhi University Library System